| 000 | 00400nam a22001457a 4500 | ||
|---|---|---|---|
| 020 | _a1566193222 | ||
| 082 |
_a624.09 _bPOI _cL-37, P-132 |
||
| 100 |
_aPoirier Rene, _942376 |
||
| 245 | _aEngineering wonders of the world / | ||
| 260 |
_aLondon: _bBranes & Noble, Inc _cc1960 |
||
| 300 |
_a371 p,; _bill.; _c18cm |
||
| 526 |
_a0 _b0 _c0 _d624_090000000000000_POI |
||
| 650 |
_aMCE _9379 |
||
| 942 |
_2ddc _cBK |
||
| 999 |
_c546284 _d546284 |
||